| 000 | 00793nam a2200241Ia 4500 | ||
|---|---|---|---|
| 003 | GCL | ||
| 005 | 20240530102950.0 | ||
| 008 | 140319s9999 xx 000 0 ara d | ||
| 040 |
_aGCL / _cGCL |
||
| 082 | 0 | 4 |
_a359.00953073 _bق/س ب _221 |
| 100 | 1 | _aسعاد ماهر | |
| 245 | 1 | 0 |
_aالبحرية فى مصر الاسلامية واثارها الباقية / _cسعاد ماهر |
| 260 |
_aالقاهرة : _bوزارة الثقافة ، _c1979 |
||
| 300 |
_a512 ص ؛ _c30 سم |
||
| 650 | 0 | 4 | _aمصر |
| 650 | 0 | 4 | _aالتاريخ الاسلامى |
| 650 | 0 | 4 | _aالتاريخ البحرى |
| 650 | 0 | 4 | _aالقوات البحرية |
| 650 | 0 | 4 | _aالسفن الحربية |
| 650 | 0 | 4 | _aمعركة الصوارى |
| 650 | 0 | 4 | _aالمعارك البحرية |
| 942 |
_2ddc _cBK |
||
| 999 |
_c35733 _d35733 |
||